Lana Del Rey - Lolita Lyrics - Statistics

General Stats
  • This quiz has been taken 299 times
  • The average score is 322 of 400
Answer Stats
Answer % Correct
I
99%
L
99%
you
98%
You
98%
a
97%
A
97%
O
97%
D
96%
(D
96%
Lolita
96%
the
96%
in
95%
K
95%
to
95%
do
94%
Hey
94%
hey!
94%
P
94%
(P
94%
me
93%
my
93%
R
93%
tonight?
93%
tonight
93%
when
93%
be
92%
what
92%
What
92%
boys
90%
E
90%
Kiss
90%
want
90%
it
89%
baby
88%
I'm
88%
know?
88%
know
88%
No
88%
not
86%
say)
86%
say
86%
say!)
86%
and
85%
And
85%
gonna
85%
dark
84%
mine?
82%
Would
82%
all
81%
like
81%
park
81%
play
81%
V
80%
your
80%
down
79%
love
78%
sun
78%
them
78%
way)
78%
with
77%
Could
75%
could
75%
Don't
75%
don't
75%
that
75%
It's
74%
it's
74%
Just
73%
let
73%
(Let
73%
make
71%
'Cause
70%
goes
70%
kissing
70%
they
68%
downtown
67%
lips
67%
too
66%
wanna
66%
but
64%
fall
64%
sunshine
64%
adore
62%
lot
61%
even
60%
have
60%
yours
60%
about
59%
cake
59%
got
59%
bright
58%
care
58%
eat
58%
feelin'
58%
fun
58%
skippin'
58%
hair
56%
mess
56%
happy
55%
long
55%
stay
55%
listen
54%
heat
53%
anyone
51%
dress
51%
fruit
51%
never
50%
Romeo
50%
short
50%
Because
49%
dominoes
49%
punch
49%
everything
48%
oh
48%
quite
47%
so
47%
feet
46%
bare
45%
can't
45%
more
45%
at
42%
high
42%
Though
41%
heartbeats
39%
believe
38%
Look
38%
rope
38%
stories
37%
suntan
36%
from
35%
God
35%
second
35%
Shining
35%
Whistle
34%
Topple
32%
thought
30%
sky
28%
forty
25%
bought
21%
caught
18%
No matching quizzes found
Score Distribution
Percent of People with Each Score
Percentile by Number Answered
Your Score History
You have not taken this quiz